000 00854cab a2200241 4500
001 ABS47535
008 090401t1992 xxu||||| |||| 00| 0 eng d
035 _a(Sirsi) u62420
041 _aeng
100 _aMcNamara, G.
245 _aNew worldwide definition of market value
260 _c1992
350 _a0
490 _aValuer and Land Economist
_v32(3) August 1992, 171-202(2)
520 _aConsiders a new definition of market value, agreed at a recent meeting of the International Assets Valuation Standards Committee (TIAVSC) which includes the terms `willing buyer` as well as `willing seller`.
650 _aASSET VALUATION
650 _aINTERNATIONAL ASSETS VALUATION STANDARDS COMMITTEE
650 _aINTERNATIONAL COOPERATION
650 _aMARKET VALUE
690 _aRATING AND VALUATION
942 _n0
948 _c04/03/1997
999 _c38792
_d38792